000 00554nam a22001937a 4500
003 OSt
005 20210211103408.0
008 210211s1965 ||||| |||| 00| 0 eng d
040 _aeng
_beng
_cDLC
041 _aeng
080 _a821.111
_bS-86
100 _9253
_aStout, Rex
245 _aThe Doorbell Rang
_b: A Nero Wolfe Novel
_c/ by: The Viking Press
260 _aNew York
_bThe Viking Press
_c1965
300 _a186 p.
650 0 _9247
_aEnglish literature
653 _aინგლისური ლიტერატურა
942 _2udc
_cBK
999 _c1356
_d1356